000 00964nmm a2200277 a 4500
001 ocm000570879
003 TR-IsHL
005 20201028122628.0
008 110704s2001 tu tur
007 cr cn
020 _a9789753591423
035 _a570879
_b(N$T)
050 0 4 _aBP130
_b.Ç48 2001
090 0 4 _aBP130
_b.Ç48 2001
100 1 _aÇetin, Abdurrahman
245 1 0 _aKıraatların tefsire etkisi: Kur'an'ın farklı forumlanmasına tesir eden kıraatlar
_h[electronic resource] /
_cAbdurrahman Çetin
250 _a1. bs.
260 _aİstanbul :
_bMarifet Yayınları,
_c2001
300 _a496 p.
650 4 _aFelsefe, Psikoloji ve Din
650 4 _aPhilosophy, Psychology and Religion
650 0 _aKıraat ve Tecvid
650 0 _aQur'an Recitation and Tajwid
650 7 _aRELIGION / Islam / Koran & Sacred Writings
_2bisacsh
856 4 0 _uhttp://search.ebscohost.com/login.aspx?direct=true&scope=site&db=e011xww&AN=570879
999 _c1971
_d1971